| 000 | 00919nam a22001937a 4500 | ||
|---|---|---|---|
| 999 |
_c57181 _d57181 |
||
| 003 | Ge_BSU | ||
| 005 | 20191224103407.0 | ||
| 008 | 191224s2007 ge ||||| |||| 00| 0 geo d | ||
| 041 | _ageo | ||
| 080 | _a 347.998.2 ი-72 | ||
| 100 | _4იორჰენდი, ლარს | ||
| 245 |
_aნაფიც მსაჯულთა სასამართლო = Trial by jury : _b(დასავლური სისტემების მიმოხილვა) / _c ლარს იორჰენდი, კახა წიქარიშვილი. |
||
| 264 |
_aთბილისი : _bბონა კაუზა, _c2009. |
||
| 300 |
_a94გვ. ; _b20სმ. |
||
| 653 | _a ნაფიც მსაჯულთა სასამართლო | ||
| 653 | _aსამართალი | ||
| 700 |
_aწიქარიშვილი, კახა _eავტორი _95935 |
||
| 942 |
_2udc _cBK |
||